<?xml version="1.0" encoding="UTF-8"?><?xml-stylesheet type="text/xsl" href="static/style.xsl"?><OAI-PMH xmlns="http://www.openarchives.org/OAI/2.0/" xmlns:xsi="http://www.w3.org/2001/XMLSchema-instance" xsi:schemaLocation="http://www.openarchives.org/OAI/2.0/ http://www.openarchives.org/OAI/2.0/OAI-PMH.xsd"><responseDate>2026-04-30T00:21:36Z</responseDate><request verb="GetRecord" identifier="oai:uvadoc.uva.es:10324/15513" metadataPrefix="marc">https://uvadoc.uva.es/oai/request</request><GetRecord><record><header><identifier>oai:uvadoc.uva.es:10324/15513</identifier><datestamp>2021-06-29T12:18:42Z</datestamp><setSpec>com_10324_38</setSpec><setSpec>col_10324_852</setSpec></header><metadata><record xmlns="http://www.loc.gov/MARC21/slim" xmlns:doc="http://www.lyncode.com/xoai" xmlns:xsi="http://www.w3.org/2001/XMLSchema-instance" xmlns:dcterms="http://purl.org/dc/terms/" xsi:schemaLocation="http://www.loc.gov/MARC21/slim http://www.loc.gov/standards/marcxml/schema/MARC21slim.xsd">
<leader>00925njm 22002777a 4500</leader>
<datafield tag="042" ind1=" " ind2=" ">
<subfield code="a">dc</subfield>
</datafield>
<datafield tag="720" ind1=" " ind2=" ">
<subfield code="a">Llames Muñoz, Eva Emilia</subfield>
<subfield code="e">author</subfield>
</datafield>
<datafield tag="260" ind1=" " ind2=" ">
<subfield code="c">2015</subfield>
</datafield>
<datafield tag="520" ind1=" " ind2=" ">
<subfield code="a">El proyecto desarrolla el estudio de las denominadas condiciones generales de la contratación, que son cláusulas iguales para todos los consumidores con los que se contrata.&#xd;
Estas  condiciones  generales  se emplean  en los  contratos  en masa  o  de adhesión&#xd;
utilizados para la venta de bienes y servicios que, en la mayoría de las ocasiones, son fundamentales para los consumidores o usuarios.&#xd;
Los Poderes Públicos se han visto obligados a intervenir, creando Leyes y normas, para&#xd;
evitar los posibles abusos de los empresarios sobre los consumidores y garantizar la igualdad de los contratantes.&#xd;
El proyecto estudia el marco normativo que regula las condiciones generales, las reglas que deben cumplir éstas, los controles que se ejercen sobre ellas, así como, las acciones que se pueden llevar a cabo ante el incumplimiento de los requisitos exigidos y las sanciones que se aplicarían en caso de dicho incumplimiento.</subfield>
</datafield>
<datafield tag="024" ind2=" " ind1="8">
<subfield code="a">http://uvadoc.uva.es/handle/10324/15513</subfield>
</datafield>
<datafield ind1=" " ind2=" " tag="653">
<subfield code="a">Consumidores-Protección- España</subfield>
</datafield>
<datafield tag="245" ind1="0" ind2="0">
<subfield code="a">Las condiciones generales en la contratación  con consumidores</subfield>
</datafield>
</record></metadata></record></GetRecord></OAI-PMH>